00948cam a22002893a 45000010008000000030009000080050017000170070008000340080039000420100006000810200015000870400025001021000028001272400024001552450071001792500012002502600075002623000025003374900032003625000046003945000055004405210040004955860059005356000009005947000023006038300032006260000764DO-SdBNP20180130150621.00000764861112 2004 sp a 000 0 spa d a  a8420401528 aBPMSUcspadBPMSUd 1 aLanda, Mariasun d1949-1 aNice eskua zurean /10aMi mano en la tuya /cMariasun Landa ; ilustraciones Asun Balzola  a5a. ed. aMadrid, España :bAlfaguara,bSantillana ediciones generales,c2004. a66 p. :bil.c20 cm.0 aPróxima parada Alfaguara  aIncluye datos biográficos de la autora. aLiteratura para niños a partir de los 12 años. aPara niños a partir de 12 años. aPremio nacional de literatura infantil y juvenil 2003.00a x 12aBalzola, Asuneil. 0aPróxima parada Alfaguara